World Energy Outlook 2018
Salvato in:
| Ente Autore: | |
|---|---|
| Natura: | Libro |
| Lingua: | inglese |
| Pubblicazione: |
Paris
OECD
2018
|
| Soggetti: | |
| Tags: |
Nessun Tag, puoi essere il primo ad aggiungerne!!
|
MARC
| LEADER | 00000nam a2200000 4500 | ||
|---|---|---|---|
| 001 | 0249389 | ||
| 005 | 20221220065931.0 | ||
| 020 | |a 978-92-64-06452-2 | ||
| 022 | |a 1026-1141 | ||
| 041 | 0 | |a eng | |
| 044 | |a FR | ||
| 245 | 1 | 0 | |a World Energy Outlook 2018 |
| 264 | 1 | |a Paris |b OECD |c 2018 | |
| 300 | |a 643 s. | ||
| 610 | 2 | 0 | |a energetika |
| 610 | 2 | 0 | |a politika energetická |
| 610 | 2 | 0 | |a ropa |
| 610 | 2 | 0 | |a plyn zemný |
| 610 | 2 | 0 | |a uhlie |
| 610 | 2 | 0 | |a energia |
| 610 | 2 | 0 | |a efektívnosť |
| 610 | 2 | 0 | |a trh energetický |
| 610 | 2 | 0 | |a elektrina |
| 610 | 2 | 0 | |a dopyt |
| 610 | 2 | 0 | |a ponuka |
| 610 | 2 | 0 | |a elektrifikácia |
| 610 | 2 | 0 | |a inovácia |
| 610 | 2 | 0 | |a emisie |
| 610 | 2 | 0 | |a priemysel |
| 610 | 2 | 0 | |a porovnanie štatistické medzinárodné |
| 610 | 2 | 0 | |a svet |
| 610 | 2 | 0 | |a WEO |
| 610 | 2 | 0 | |a 2018 |
| 710 | 2 | |a OECD. International Energy Agency | |